| 000 | 00447nam a2200157 i 4500 | ||
|---|---|---|---|
| 001 | 23051 | ||
| 003 | ES-MaACL | ||
| 005 | 20230906152816.0 | ||
| 007 | t| | ||
| 008 | 021205s1965 sp ||||1| spa d | ||
| 100 | 1 |
_aAlvarez Villar, Alfonso. _920998 |
|
| 245 | 1 | 0 |
_aPsicologĂa genĂ©tica y diferencial / _cAlfonso Alvarez Villar. |
| 260 |
_aMadrid : _bAguilar, _c[1965] |
||
| 300 |
_aXVI, 243 p. ; _c22 cm. |
||
| 852 |
_aES-MaACL _jC-28114 _bR.57456 |
||
| 999 |
_c23051 _d23051 |
||